Top 100 des meilleurs joueurs de football au 21e siècle d'après Canal+ - Statistiques

Statistiques générales
  • Ce quiz a été pris 1 477 fois
  • Le résultat moyen est 52 sur 100
Statistiques - réponses
Classement Nationalité Joueurs % Correct
2 Portugal Cristiano Ronaldo
100%
1 Argentine Lionel Messi
100%
4 Brésil Ronaldo
99%
3 France Zinedine Zidane
96%
18 France Kylian Mbappé
95%
26 Brésil Neymar
89%
6 Espagne Andres Iniesta
87%
15 Croatie Luka Modric
84%
7 Brésil Ronaldinho
84%
5 Allemagne Manuel Neuer
83%
9 Espagne Xavi
83%
8 France Thierry Henry
81%
23 Allemagne Oliver Kahn
78%
70 France Antoine Griezmann
77%
17 France Karim Benzema
77%
10 Espagne Sergio Ramos
74%
100 Pays de Galles Gareth Bale
73%
30 Côte d'Ivoire Didier Drogba
72%
12 Italie Gianluigi Buffon
72%
33 Belgique Kevin De Bruyne
72%
29 Pologne Robert Lewandowski
72%
14 Belgique Thibaut Courtois
72%
32 Suède Zlatan Ibrahimovic
72%
11 Italie Paolo Maldini
71%
66 Egypte Mohamed Salah
70%
42 Uruguay Luis Suarez
68%
74 Belgique Eden Hazard
67%
48 Norvège Erling Haaland
67%
31 Cameroun Samuel Eto'o
67%
19 Espagne Iker Casillas
65%
90 France Paul Pogba
63%
65 Maroc Achraf Hakimi
62%
56 Allemagne Philipp Lahm
61%
35 Allemagne Toni Kroos
61%
20 Italie Fabio Cannavaro
59%
24 Brésil Kaká
59%
76 Sénégal Sadio Mané
59%
57 Brésil Thiago Silva
58%
77 Pays-Bas Virgil Van Dijk
58%
16 Italie Andrea Pirlo
56%
61 Angleterre Harry Kane
56%
58 Costa Rica Keylor Navas
56%
13 Brésil Roberto Carlos
56%
39 Espagne Sergio Busquets
56%
54 France Franck Ribéry
55%
21 Espagne Carles Puyol
53%
55 Brésil Marcelo
53%
49 France Hugo Lloris
52%
64 France Ousmane Dembélé
52%
60 France Raphaël Varane
52%
72 Pays-Bas Arjen Robben
51%
63 France N'golo Kanté
51%
86 Espagne Gerard Piqué
50%
52 Côte d'Ivoire Yaya Touré
50%
67 Argentine Angel Di Maria
49%
22 Portugal Luis Figo
49%
78 République tchèque Pavel Nedvěd
49%
34 Ukraine Andrei Chevtchenko
48%
51 Angleterre Wayne Rooney
47%
40 Brésil Dani Alves
46%
99 Pays-Bas Robin van Persie
45%
28 Angleterre Steven Gerrard
44%
25 Brésil Cafu
42%
41 Angleterre David Beckham
42%
47 Angleterre Frank Lampard
42%
38 Italie Nesta
42%
27 République tchèque Petr Čech
42%
81 Portugal Pepe
41%
44 France Lilian Thuram
39%
50 Italie Francesco Totti
38%
73 Pays de Galles Ryan Giggs
36%
68 Italie Alessandro Del Piero
35%
80 France David Trezeguet
35%
95 Brésil Marquinhos
35%
45 France Fabien Barthez
33%
75 Slovénie Jan Oblak
33%
85 Angleterre Michael Owen
32%
43 France Patrick Vieira
32%
59 Espagne Rodri
32%
89 Brésil Alisson
30%
36 Pays-Bas Edwin van der Sar
30%
46 Angleterre Rio Ferdinand
30%
96 Serbie Nemanja Vidić
29%
37 Espagne Raul
29%
97 Argentine Emiliano Martinez
28%
79 Italie Gianluigi Donnarumma
28%
82 Pays-Bas Ruud van Nistelrooy
28%
69 Angleterre Paul Scholes
26%
87 Portugal Deco
24%
88 Brésil Dida
22%
83 Angleterre John Terry
22%
93 Allemagne Bastian Schweinsteiger
21%
53 Pays-Bas Clarence Seedorf
20%
92 Allemagne Michael Ballack
19%
98 Espagne Victor Valdés
19%
91 Brésil Juninho
18%
71 Argentine Javier Zanetti
15%
62 Pays-Bas Dennis Bergkamp
14%
84 Argentine Juan Roman Riquelme
10%
94 Espagne Fernando Hierro
9%
Aucun quiz correspondant
Distribution des résultats
% des personnes avec chaque résultat
Percentile par nombre de réponses
Votre historique - résultats
Vous n’avez pas pris ce quiz